[Event "Challenge"]
[Site "http://www.queenalice.com/game.php?id=458401"]
[Date "2008.9.4"]
[Round "-"]
[White "SardeBR"]
[Black "Grau_33"]
[Result "1-0"]
[WhiteElo "1778"]
[BlackElo "1500"]

1. Nf3 d5 2. d4 Bg4 3. e3 Nc6 4. Be2 Bxf3 5. Bxf3 e5 6. dxe5 Nge7 7. Nc3 d4 8.
Nb1 Nxe5 9. Bxb7 Rb8 10. Be4 dxe3 11. Qxd8+ Rxd8 12. Bxe3 N7c6 13. Bxc6+ Nxc6
14. O-O Bd6 15. Nc3 O-O 16. Nb5 a6 17. Nxd6 Rxd6 18. Bc5 Nb4 19. Bxb4 Rc6 20.
Bxf8 Kxf8 21. c3 1-0

[Event "Challenge"]
[Site "http://www.queenalice.com/game.php?id=458404"]
[Date "2008.9.5"]
[Round "-"]
[White "Grau_33"]
[Black "SardeBR"]
[Result "0-1"]
[WhiteElo "1782"]
[BlackElo "1785"]

1. e4 e5 2. Nf3 f6 3. d4 d6 4. Nc3 c6 5. Be3 Qa5 6. dxe5 dxe5 7. Bd2 Qc7 8. Bc4
Bg4 9. O-O Nd7 10. h3 Bh5 11. Be3 b6 12. Be2 Bf7 13. Nh4 g6 14. Qd2 O-O-O 15.
Na4 Nc5 16. Nxc5 Rxd2 17. Ba6+ Kb8 18. Bxd2 Bxc5 19. b4 Bd6 20. Bd3 b5 21. a4
Bc4 22. Bxc4 bxc4 23. b5 cxb5 24. axb5 Qb7 25. Ra6 Bc5 26. Rfa1 Ne7 27. Be3 Bxe3
28. fxe3 Nc8 29. Rxf6 Qxb5 30. Rff1 Nb6 31. Rf7 a5 32. Rff1 Qc5 33. Rfe1 a4 34.
Nf3 Kc7 35. g4 a3 36. Nd4 exd4 37. exd4 Qxd4+ 38. Kg2 Qc3 0-1

[Event "Challenge"]
[Site "http://www.queenalice.com/game.php?id=458880"]
[Date "2008.9.6"]
[Round "-"]
[White "docb"]
[Black "Grau_33"]
[Result "1-0"]
[WhiteElo "1750"]
[BlackElo "1655"]

1. e4 e5 2. Nf3 Nc6 3. d4 exd4 4. Nxd4 Nge7 5. c3 d6 6. Bd3 Ng6 7. O-O Nge5 8.
Bc2 Bg4 9. f3 Bh5 10. Qe1 Nxd4 11. cxd4 Nc6 12. Be3 Qf6 13. Qd2 Be7 14. Nc3 Rc8
15. Nd5 Qe6 16. Nf4 Qh6 17. g4 Bg6 18. Ba4 Bg5 19. d5 O-O 20. dxc6 bxc6 21. Bxc6
f6 22. Bd5+ Kh8 23. Nxg6+ hxg6 24. Bxg5 Qxg5 25. Qxg5 fxg5 26. Rac1 Rf6 27. Kg2
c6 28. Rxc6 Rxc6 29. Bxc6 Kg8 30. b4 Kf7 31. a4 Ke6 32. b5 Ke5 33. a5 Kd4 34. b6
axb6 35. axb6 Kc5 36. b7 Rf8 37. Bd5 Kb6 38. Rc1 1-0

[Event "Challenge"]
[Site "http://www.queenalice.com/game.php?id=461248"]
[Date "2008.9.10"]
[Round "-"]
[White "Grau_33"]
[Black "pierjean"]
[Result "1-0"]
[WhiteElo "1687"]
[BlackElo "1409"]

1. e4 Nc6 2. d4 h6 3. Nf3 Nf6 4. Nc3 e6 5. e5 Nd5 6. Nxd5 exd5 7. Bb5 d6 8.
Bxc6+ bxc6 9. O-O Bg4 10. Bf4 Be7 11. h3 Bxf3 12. Qxf3 Qd7 13. Qg3 g5 14. Be3
O-O-O 15. Rfe1 Rdg8 16. Qf3 Rg7 17. e6 fxe6 18. Bd2 h5 19. Qa3 c5 20. dxc5 Qc6
21. b4 dxc5 22. bxc5 Bxc5 23. Qc3 Rhh7 24. Qd3 h4 25. Bxg5 d4 26. f3 Rh5 27. Bd2
Rf5 28. Qe4 Kd7 29. Kh1 Qd6 30. a3 Rg6 31. Bb4 Rgg5 32. Rad1 Qg3 33. Qxe6+ Kd8
34. Qe8# 1-0

[Event "Challenge"]
[Site "http://www.queenalice.com/game.php?id=462980"]
[Date "2008.9.14"]
[Round "-"]
[White "theblackfox"]
[Black "Grau_33"]
[Result "0-1"]
[WhiteElo "1827"]
[BlackElo "1718"]

1. e4 e5 2. Nf3 Nc6 3. Bb5 d6 4. d4 exd4 5. Nxd4 Bd7 6. Nc3 Nxd4 7. Qxd4 Bxb5 8.
Nxb5 Ne7 9. O-O Nc6 10. Qd5 Be7 11. a4 a6 12. Nd4 Nxd4 13. Qxd4 O-O 14. b4 Bf6
15. Bg5 Bxd4 16. Bxd8 Raxd8 17. Rad1 b6 18. Rxd4 Rfe8 19. h4 c5 20. bxc5 dxc5
21. Rc4 Rd2 22. Re1 Red8 23. g4 R8d4 24. Rc3 Rxa4 25. h5 h6 26. e5 Rxg4+ 27. Kf1
Rh4 28. Rg3 Rxh5 29. c4 Rh1+ 30. Rg1 Rh4 31. e6 fxe6 32. Rxe6 Rd1+ 33. Kg2 Rxg1+
34. Kxg1 Rxc4 35. Rxb6 a5 36. Kg2 a4 37. Kf1 a3 38. Ke2 Rb4 39. Ra6 Rb3 40. Kd2
c4 41. Kc2 Kh7 42. Rc6 Rb2+ 43. Kc1 Rxf2 44. Rxc4 a2 45. Ra4 h5 46. Kd1 g6 47.
Ke1 Rb2 48. Kd1 Rb1+ 49. Kc2 a1=R 50. Rxa1 Rxa1 51. Kb2 Rd1 52. Kc2 Rd8 53. Kc3
Kg7 54. Kc4 Kf6 55. Kc5 Ke6 56. Kc6 Rc8+ 57. Kb7 Rc1 58. Kb6 Kd5 59. Kb5 Rb1+
60. Ka4 Kc4 61. Ka5 Rb2 62. Ka6 Kc5 63. Ka7 Kc6 64. Ka8 Kc7 65. Ka7 Ra2# 0-1

[Event "Challenge"]
[Site "http://www.queenalice.com/game.php?id=462981"]
[Date "2008.9.14"]
[Round "-"]
[White "Grau_33"]
[Black "theblackfox"]
[Result "1-0"]
[WhiteElo "1695"]
[BlackElo "1803"]

1. e4 e5 2. Nf3 Nc6 3. d4 Nf6 4. dxe5 Nxe4 5. Qe2 d5 6. Nbd2 Bb4 7. c3 Ba5 8.
Nxe4 dxe4 9. Qxe4 O-O 10. Bb5 Re8 11. Bxc6 bxc6 12. Qxc6 Bd7 13. Qd5 Bb6 14. Ng5
Re7 15. Qe4 g6 16. O-O Bf5 17. Qh4 h5 18. Bf4 a5 19. Rad1 Qe8 20. Nf3 Bc2 21.
Rd2 Be4 22. Qg5 c5 23. Qh6 Bxf3 24. gxf3 a4 25. Bg5 Rd7 26. Bf6 Qf8 27. Qh8# 1-0

[Event "Challenge"]
[Site "http://www.queenalice.com/game.php?id=465315"]
[Date "2008.9.19"]
[Round "-"]
[White "Mike36bh"]
[Black "Grau_33"]
[Result "0-1"]
[WhiteElo "1795"]
[BlackElo "1664"]

1. d4 g6 2. e4 Bg7 3. Nc3 Nc6 4. Nf3 e5 5. dxe5 Nxe5 6. Nxe5 Bxe5 7. Bd2 d6 8.
h3 Ne7 9. Be2 O-O 10. f4 Bd4 11. Bg4 Nc6 12. g3 Qe7 13. Qf3 Nb4 14. Qd1 Bxc3 15.
Bxc3 Qxe4+ 16. Kf2 Nxc2 17. Bf3 Qe3+ 18. Kg2 Nxa1 19. Qxa1 Bf5 20. Rf1 Be4 21.
Qd1 Bxf3+ 22. Rxf3 Qe6 23. b3 Rfe8 24. Qd4 f6 25. h4 c6 26. Bd2 Qe2+ 27. Rf2
Qe4+ 28. Qxe4 Rxe4 29. Kf3 Rae8 30. a4 d5 31. Kg4 Re2 32. Kf3 Rxf2+ 33. Kxf2 a6
34. Kf3 f5 35. Bc3 b5 36. a5 Re4 37. Be5 Rb4 38. Kf2 Rxb3 0-1

[Event "Challenge"]
[Site "http://www.queenalice.com/game.php?id=470267"]
[Date "2008.9.29"]
[Round "-"]
[White "Nille"]
[Black "Grau_33"]
[Result "1-0"]
[WhiteElo "1779"]
[BlackElo "1705"]

1. e4 e5 2. Nf3 Nc6 3. Bc4 h6 4. d3 Nf6 5. Be3 d5 6. exd5 Nxd5 7. O-O Nxe3 8.
fxe3 Bg4 9. Bxf7+ Ke7 10. Bb3 Qd6 11. Nc3 g5 12. Nd5+ Kd7 13. h3 Be6 14. Nf6+
Ke7 15. Bxe6 Qxe6 16. Nd2 Bg7 17. Nfe4 Rhf8 18. Nc5 Qc8 19. Rxf8 Qxf8 20. Qg4
Qe8 21. Qe6+ Kd8 22. Nxb7# 1-0

[Event "Challenge"]
[Site "http://www.queenalice.com/game.php?id=475902"]
[Date "2008.10.11"]
[Round "-"]
[White "Lukas_bala_Pirai"]
[Black "Grau_33"]
[Result "1/2-1/2"]
[WhiteElo "1818"]
[BlackElo "1699"]

1. c4 e5 2. Nc3 Nf6 3. g3 d5 4. e3 d4 5. exd4 exd4 6. Nb1 Bc5 7. d3 O-O 8. Bg2
c6 9. Bg5 h6 10. Bxf6 Qxf6 11. Nd2 Bf5 12. Ne4 Bxe4 13. Bxe4 Nd7 14. Nf3 Rfe8
15. O-O Ne5 16. Nxe5 Qxe5 17. Re1 Qg5 18. a3 f5 19. Bg2 Re7 20. h4 Qg6 21. b4
Rxe1+ 22. Qxe1 Re8 23. Qd2 Bd6 24. c5 Bc7 25. Re1 Rxe1+ 26. Qxe1 f4 27. Qe2 fxg3
28. fxg3 Bxg3 29. Qa2+ Kh8 30. Be4 Qg4 31. Qf7 Bxh4+ 32. Kf1 Qd1+ 33. Kg2 Qg4+
34. Kf1 Qd1+ 35. Kg2 Qd2+ 36. Kf1 Qe1+ 37. Kg2 Qg3+ 38. Kf1 Qh3+ 39. Ke2 Qh2+
1/2-1/2

[Event "Let's Play Chess!"]
[Site "http://www.queenalice.com/game.php?id=476113"]
[Date "2008.10.11"]
[Round "-"]
[White "tche_elvio"]
[Black "Grau_33"]
[Result "0-1"]
[WhiteElo "1510"]
[BlackElo "1699"]

1. f4 d5 2. Nf3 Bg4 3. e3 Nc6 4. Be2 Nf6 5. Nd4 Bxe2 6. Qxe2 e5 7. Nxc6 bxc6 8.
O-O exf4 9. exf4+ Be7 10. d3 O-O 11. a3 Re8 12. b4 Bc5+ 13. Be3 Bxe3+ 14. Kh1
Bxf4 15. Qf3 Be5 16. c3 Qd7 17. d4 Bd6 18. Nd2 Ne4 19. Nxe4 Rxe4 20. Rae1 Rxe1
21. Rxe1 Re8 22. Rxe8+ Qxe8 23. h3 Qe1+ 0-1

[Event "Let's Play Chess!"]
[Site "http://www.queenalice.com/game.php?id=476150"]
[Date "2008.10.11"]
[Round "-"]
[White "Grau_33"]
[Black "tche_elvio"]
[Result "1-0"]
[WhiteElo "1692"]
[BlackElo "1484"]

1. e4 e5 2. Nf3 d6 3. d4 a6 4. dxe5 h6 5. Bf4 g5 6. Bg3 Be7 7. exd6 Bxd6 8. Bxd6
Qxd6 9. Bd3 Be6 10. Nc3 Nc6 11. Qd2 f5 12. exf5 Qe5+ 13. Nxe5 Nxe5 14. fxe6
O-O-O 15. Ne4 Nxd3+ 16. cxd3 b6 17. O-O Kb7 18. Qc3 Rh7 19. Nf6 Nxf6 20. Qxf6
Rxd3 21. Qf5 1-0

[Event "Challenge"]
[Site "http://www.queenalice.com/game.php?id=476154"]
[Date "2008.10.11"]
[Round "-"]
[White "Filhodocapeta"]
[Black "Grau_33"]
[Result "0-1"]
[WhiteElo "1807"]
[BlackElo "1778"]

1. e4 e5 2. Nf3 Nc6 3. Bb5 d6 4. d4 Bd7 5. Nc3 exd4 6. Nxd4 Nxd4 7. Bxd7+ Qxd7
8. Qxd4 Nf6 9. O-O Be7 10. Bg5 c5 11. Qc4 b5 12. Nxb5 O-O 13. Rad1 a6 14. Nc3
Nh5 15. Bxe7 Qxe7 16. Rfe1 Qe6 17. Rd5 Nf4 18. g3 Nxd5 19. Qxd5 Qxd5 20. Nxd5
Rab8 21. b3 f5 22. exf5 Rb7 23. g4 Kf7 24. h4 h6 25. Re6 Rd8 26. Kg2 Rbd7 27.
Nb6 Re7 28. Rxe7+ Kxe7 29. Nd5+ Kf7 30. Kf3 a5 31. Ke4 Re8+ 32. Kf4 Re2 33. f3
Rxc2 34. a4 Rb2 35. g5 hxg5+ 36. hxg5 Rxb3 37. g6+ Kf8 38. Nc7 Rb4+ 39. Kg5 c4
40. Ne6+ Kg8 41. Nxg7 Kxg7 42. f6+ Kg8 43. Kh6 Rb7 44. g7 c3 45. Kg6 c2 0-1

[Event "Challenge"]
[Site "http://www.queenalice.com/game.php?id=476876"]
[Date "2008.10.13"]
[Round "-"]
[White "flaviookytsoten"]
[Black "Grau_33"]
[Result "1-0"]
[WhiteElo "1850"]
[BlackElo "1738"]

1. d4 g6 2. e3 Bg7 3. Nc3 Nf6 4. Nf3 O-O 5. Bc4 d5 6. Bd3 Bg4 7. Be2 c6 8. h3
Bxf3 9. Bxf3 Nbd7 10. Bd2 e5 11. O-O e4 12. Bg4 Nxg4 13. Qxg4 Nf6 14. Qe2 Nh5
15. Na4 b6 16. Bb4 Re8 17. Bd2 Qd7 18. Nc3 c5 19. dxc5 bxc5 20. Rab1 d4 21. exd4
cxd4 22. Nd1 d3 23. cxd3 exd3 24. Qf3 Rab8 25. b3 Re2 26. Bf4 Nxf4 27. Qxf4 Rbe8
28. Ne3 Rxa2 29. Qc4 d2 30. b4 Rc8 31. Qxa2 Rb8 32. Qd5 Qe7 33. Qxd2 Bh6 34.
Rfe1 Qg5 35. Qd6 Rd8 36. Qc5 Qxc5 37. bxc5 Rc8 38. Rec1 Bxe3 39. fxe3 1-0

[Event "Challenge"]
[Site "http://www.queenalice.com/game.php?id=480499"]
[Date "2008.10.21"]
[Round "-"]
[White "coccobill"]
[Black "Grau_33"]
[Result "1-0"]
[WhiteElo "1865"]
[BlackElo "1709"]

1. d4 d5 2. c4 e6 3. e3 Nf6 4. Nc3 Nc6 5. cxd5 exd5 6. Bd3 Bb4 7. Ne2 O-O 8. O-O
Qd7 9. f3 Ne7 10. Bd2 c6 11. Rc1 c5 12. dxc5 Bxc5 13. Na4 Bd6 14. Nd4 b6 15. Bb5
Qd8 16. Qe2 Bd7 17. Bxd7 Qxd7 18. Nc3 Nf5 19. Nxf5 Qxf5 20. Nb5 Bc5 21. Kh1 Qg6
22. b4 Be7 23. Rc7 Bd8 24. Rc3 Be7 25. Rc7 Bd8 26. Rxa7 Rxa7 27. Nxa7 Re8 28. a4
d4 29. e4 Bc7 30. Nb5 Qh5 31. Nxc7 Re7 32. Bf4 Qg6 33. Rd1 Nh5 34. Rxd4 h6 35.
Nd5 Rd7 36. Be3 Kf8 37. Rc4 Nf6 38. Rc8+ Ne8 39. Bxb6 f6 40. Bc5+ Kf7 41. Qc4
1-0

[Event "Challenge"]
[Site "http://www.queenalice.com/game.php?id=481516"]
[Date "2008.10.23"]
[Round "-"]
[White "miguelnalexandre"]
[Black "Grau_33"]
[Result "0-1"]
[WhiteElo "1880"]
[BlackElo "1772"]

1. e4 e5 2. f4 d6 3. Nf3 h6 4. d4 exf4 5. Bxf4 Bg4 6. h3 Bxf3 7. Qxf3 a6 8. Bc4
Nf6 9. e5 dxe5 10. Bxe5 Nc6 11. Qb3 Qe7 12. Qxb7 Qb4+ 13. Qxb4 Nxb4 14. Na3 Be7
15. O-O O-O 16. Bxc7 Rac8 17. Bf4 Nxc2 18. Bxa6 Rc6 19. Nxc2 Rxc2 20. b3 Nd5 21.
Be5 Bh4 22. g3 Bf6 23. Bxf6 Nxf6 24. Bd3 Rc3 25. Rf3 Nd5 26. Be4 Rxf3 27. Bxf3
Ne3 28. Kf2 Nc2 29. Rd1 Rd8 0-1

[Event "Challenge"]
[Site "http://www.queenalice.com/game.php?id=483937"]
[Date "2008.10.27"]
[Round "-"]
[White "Grau_33"]
[Black "solo"]
[Result "1-0"]
[WhiteElo "1704"]
[BlackElo "1655"]

1. e4 e5 2. Bc4 a6 3. Nf3 d6 4. d4 Bg4 5. dxe5 dxe5 6. Qxd8+ Kxd8 7. Nxe5 Be6 8.
Bxe6 Ke7 9. Bxf7 Kf6 10. Bxg8 Kxe5 11. Bd5 c6 12. Bc4 Nd7 13. Nc3 Bb4 14. Bd2
Nc5 15. f3 Kf6 16. O-O-O b5 17. Bd3 Rad8 18. h4 Nxd3+ 19. cxd3 Rxd3 20. a3 Bxc3
21. Bxc3+ Rxc3+ 22. bxc3 Ke6 23. f4 g6 24. Rd3 h5 25. Rhd1 Re8 26. Rd6+ Kf7 27.
Rxc6 Ra8 28. Rdd6 Ra7 29. Rxg6 a5 30. Rh6 1-0

[Event "Challenge"]
[Site "http://www.queenalice.com/game.php?id=490689"]
[Date "2008.11.9"]
[Round "-"]
[White "Grau_33"]
[Black "bish"]
[Result "0-1"]
[WhiteElo "1757"]
[BlackElo "1683"]

1. e4 e5 2. Nf3 Nc6 3. d4 exd4 4. Nxd4 Bc5 5. Nxc6 bxc6 6. Nc3 Nf6 7. Bg5 Be7 8.
Bc4 O-O 9. O-O d6 10. Qf3 Be6 11. Bd3 Ng4 12. Bxe7 Qxe7 13. h3 Ne5 14. Qg3 Nxd3
15. cxd3 f5 16. Ne2 Rf6 17. a3 Raf8 18. Nd4 f4 19. Qf3 Bd7 20. Rfe1 c5 21. Ne2
Qe5 22. b4 Qg5 23. bxc5 Rh6 24. cxd6 Rxh3 25. Kf1 Rxf3 0-1

[Event "Challenge"]
[Site "http://www.queenalice.com/game.php?id=495917"]
[Date "2008.11.20"]
[Round "-"]
[White "vishnu"]
[Black "Grau_33"]
[Result "1/2-1/2"]
[WhiteElo "1698"]
[BlackElo "1795"]

1. e4 e5 2. Nf3 Nc6 3. Bb5 d6 4. Bxc6+ bxc6 5. O-O Bg4 6. Re1 Nf6 7. h3 Bh5 8.
Nc3 Be7 9. d4 O-O 10. g4 Bg6 11. Nh4 Nxe4 12. Nxg6 fxg6 13. Nxe4 d5 14. Nc5 Bxc5
15. dxc5 e4 16. Be3 Qh4 17. Kh2 Rf3 18. c4 Qxh3+ 19. Kg1 Qxg4+ 20. Kf1 Rd8 21.
cxd5 Rxd5 22. Qb3 h6 23. Qb8+ Kh7 24. Qxc7 Qh3+ 25. Ke2 Qg4 26. Rg1 Rf7+ 27.
Rxg4 Rxc7 28. b4 Rb7 29. Rag1 Rxb4 30. Rxg6 Rb2+ 31. Bd2 Rbxd2+ 32. Ke3 R2d3+
33. Kxe4 R5d4+ 34. Ke5 Rd5+ 35. Ke6 Rg5 36. R6xg5 hxg5 37. Rxg5 Rd2 38. f4 Rxa2
39. Kd6 Ra6 40. f5 Kh6 41. Rg1 Ra4 42. Rg6+ Kh7 43. Kxc6 Rc4 44. Kb5 Rc1 45. Ra6
Rf1 46. f6 gxf6 47. Rxa7+ Kg6 48. c6 Rb1+ 49. Ka6 f5 50. c7 Ra1+ 51. Kb7 Rb1+
52. Ka8 Rc1 53. Rb7 f4 54. Kb8 Kf5 55. c8=Q+ Rxc8+ 56. Kxc8 f3 57. Rb3 Kg4 58.
Rb4+ Kg3 59. Rb3 Kg2 60. Rb7 f2 61. Rg7+ Kh2 62. Rh7+ Kg2 63. Rg7+ Kh2 64. Rf7
Kg2 65. Rg7+ 1/2-1/2

[Event "Challenge"]
[Site "http://www.queenalice.com/game.php?id=500153"]
[Date "2008.11.29"]
[Round "-"]
[White "Kronista"]
[Black "Grau_33"]
[Result "0-1"]
[WhiteElo "1844"]
[BlackElo "1752"]

1. e4 e5 2. Nf3 Nc6 3. Bc4 Be7 4. c3 Nf6 5. d3 Na5 6. Qa4 Nc6 7. O-O a6 8. Qb3
O-O 9. a4 Na5 10. Qc2 Nxc4 11. dxc4 d6 12. Bg5 h6 13. Bh4 Bg4 14. Nbd2 Nh5 15.
Bxe7 Qxe7 16. h3 Bxf3 17. Nxf3 Qf6 18. Qe2 Nf4 19. Qe3 Qg6 20. Nh4 Qg5 21. g3
Nxh3+ 22. Kg2 Qxe3 23. fxe3 Ng5 24. Nf5 Nxe4 25. Kf3 Nd2+ 0-1

[Event "Challenge"]
[Site "http://www.queenalice.com/game.php?id=500157"]
[Date "2008.11.29"]
[Round "-"]
[White "Grau_33"]
[Black "Kronista"]
[Result "0-1"]
[WhiteElo "1792"]
[BlackElo "1835"]

1. e4 c5 2. d4 cxd4 3. Qxd4 Nc6 4. Qd1 d6 5. Bb5 Nf6 6. Nc3 g6 7. Bg5 Bg7 8. Qd3
Qb6 9. Nd5 Qc5 10. Nxf6+ exf6 11. Be3 Qb4+ 12. Bd2 Qxb2 13. Bxc6+ bxc6 14. Bc3
Qa3 15. Ne2 Ba6 16. Qf3 Bxe2 17. Kxe2 O-O 18. Rhe1 f5 19. Bxg7 Qxf3+ 20. Kxf3
fxe4+ 21. Kxe4 Kxg7 22. Kf4 Rfe8 23. Rab1 Kf6 24. h4 Rxe1 25. Rxe1 Rb8 26. c3
Rb2 27. a4 Rxf2+ 28. Kg3 Rf5 29. Kh3 a5 30. Rd1 Ke6 31. Kg3 Rc5 0-1

[Event "Brazilian BEACH"]
[Site "http://www.queenalice.com/game.php?id=507653"]
[Date "2008.12.14"]
[Round "-"]
[White "Grau_33"]
[Black "bish"]
[Result "1-0"]
[WhiteElo "1738"]
[BlackElo "1682"]

1. e4 e5 2. Nf3 Nc6 3. Bc4 Bc5 4. O-O Nf6 5. Ng5 d5 6. exd5 Nxd5 7. Qf3 Be6 8.
Nxe6 fxe6 9. Nc3 Nce7 10. d3 Qd7 11. Bd2 O-O-O 12. Ne4 Bb6 13. Be3 Rhf8 14. Qg3
1-0